Pakistani diasporas culture, conflict, and change / (Record no. 15135)

000 -LEADER
fixed length control field 01008cam a2200289 a 4500
001 - CONTROL NUMBER
control field 15584592
005 - DATE AND TIME OF LATEST TRANSACTION
control field 20170105102911.0
008 - FIXED-LENGTH DATA ELEMENTS--GENERAL INFORMATION
fixed length control field 090113s2009 pk b 001 0 eng
010 ## - LIBRARY OF CONGRESS CONTROL NUMBER
LC control number 2008327809
020 ## - INTERNATIONAL STANDARD BOOK NUMBER
International Standard Book Number 9780195476255
025 ## - OVERSEAS ACQUISITION NUMBER
Overseas acquisition number P-E-2008327809; 24
040 ## - CATALOGING SOURCE
Original cataloging agency DLC
Transcribing agency DLC
042 ## - AUTHENTICATION CODE
Authentication code lcode
043 ## - GEOGRAPHIC AREA CODE
Geographic area code a-pk---
050 00 - LIBRARY OF CONGRESS CALL NUMBER
Classification number DS380.2
Item number .P35 2009
245 00 - TITLE STATEMENT
Title Pakistani diasporas culture, conflict, and change /
Statement of responsibility, etc. edited by Virinder S. Kalra.
260 ## - PUBLICATION, DISTRIBUTION, ETC.
Place of publication, distribution, etc. Karachi :
Name of publisher, distributor, etc. Oxford University Press,
Date of publication, distribution, etc. 2009.
300 ## - PHYSICAL DESCRIPTION
Extent viii, 379 p. ;
Dimensions 23 cm.
490 0# - SERIES STATEMENT
Series statement Oxford in Pakistan readings in Sociology and Social Anthropology
504 ## - BIBLIOGRAPHY, ETC. NOTE
Bibliography, etc. note Includes bibliographical references (p. [335]-356) and index.
650 #0 - SUBJECT ADDED ENTRY--TOPICAL TERM
Topical term or geographic name entry element Pakistanis
Geographic subdivision Foreign countries.
650 #0 - SUBJECT ADDED ENTRY--TOPICAL TERM
Topical term or geographic name entry element Pakistanis
General subdivision Migrations.
700 1# - ADDED ENTRY--PERSONAL NAME
Personal name Kalra, Virinder S.
906 ## - LOCAL DATA ELEMENT F, LDF (RLIN)
a 7
b cbc
c origode
d 3
e ncip
f 20
g y-gencatlg
942 ## - ADDED ENTRY ELEMENTS (KOHA)
Source of classification or shelving scheme
Koha item type Book
Holdings
Withdrawn status Lost status Damaged status Not for loan Collection code Permanent Location Current Location Shelving location Date acquired Total Checkouts Full call number Barcode Date last seen Price effective from Koha item type
          Centre for International Peace & Stability (CIPS) Centre for International Peace & Stability (CIPS) General Stacks 10/02/2013   305.8914122 PAK 2009 CIPS0002439 11/04/2013 11/04/2013 Book
© 2023 Central Library, National University of Sciences and Technology. All Rights Reserved.